| 000 | 00417nam a2200145Ia 4500 | ||
|---|---|---|---|
| 008 | 231129s2002||||xx |||||||||||||| ||spa|| | ||
| 020 | _a958-9249-74-4 | ||
| 040 | _bspa | ||
| 082 | _a796.06886132 P762 | ||
| 100 | _aPolanco Ripoll Francisco | ||
| 245 | 0 | _aHistoria de La Villa Olimpica de Pereira | |
| 260 | _c2002 | ||
| 264 | _aPereira Colombia : Papiro | ||
| 942 |
_2ddc _cBKS |
||
| 999 |
_c15179 _d15179 |
||